[Event "DVM U12 2011"]
[Site "Arendsee (Altmark) GER"]
[Date "2011.12.28"]
[Round "3"]
[White "Gungl, Theo"]
[Black "Sawlin, Leonid"]
[Result "1-0"]
[Termination "normal"]
[Board "1.1"]
[WhiteElo "1781"]
[BlackElo "1874"]
[WhiteTeam "USV TU Dresden"]
[BlackTeam "TuS Makkabi Berlin"]
[WhiteFideId "24695653"]
[BlackFideId "4689542"]
[EventCountry "GER"]
[EventRounds "7"]
[EventType "team-swiss"]
[EventDate "2011.12.26"]

1. e4 e6 2. d4 d5 3. Nd2 Nf6 4. e5 Nfd7 5. c3 c5 6. Bd3 Nc6 7. Ne2 cxd4 8. cxd4
f6 9. exf6 Nxf6 10. Nf3 Bd6 11. O-O Qc7 12. g3 O-O 13. Bf4 Nh5 14. Bxd6 Qxd6
15. Ng5 g6 16. Qd2 e5 17. dxe5 Qxe5 18. Rae1 Nd4 19. Nxd4 Qxd4 20. Nxh7 Rf3 21.
Re8+ Kg7 22. Re7+ Kg8 23. Qh6 Bh3 24. Qxg6+ Ng7 25. Rxb7 1-0

[Event "DVM U12 2011"]
[Site "Arendsee (Altmark) GER"]
[Date "2011.12.28"]
[Round "3"]
[White "Lagunow, Raphael"]
[Black "Scholz, Robert"]
[Result "1-0"]
[Termination "normal"]
[Board "1.2"]
[WhiteElo "1801"]
[BlackElo "1776"]
[WhiteTeam "TuS Makkabi Berlin"]
[BlackTeam "USV TU Dresden"]
[WhiteFideId "24652644"]
[BlackFideId "1270301"]
[EventCountry "GER"]
[EventRounds "7"]
[EventType "team-swiss"]
[EventDate "2011.12.26"]

1. e4 c5 2. c3 d5 3. exd5 Qxd5 4. d4 Nf6 5. Nf3 e6 6. Be2 cxd4 7. cxd4 Nc6 8.
Nc3 Qd6 9. O-O Be7 10. Be3 O-O 11. Qb3 Nb4 12. Rac1 Nbd5 13. Nb5 Qd8 14. Bg5 a6
15. Nc3 b5 16. Bxf6 Nxf6 17. Rfd1 Bb7 18. Ne5 Rc8 19. Bf3 Bxf3 20. Nxf3 Nd5 21.
Nxd5 Qxd5 22. Qxd5 exd5 23. Ne5 Bg5 24. Rc5 Rfd8 25. Nc6 Re8 26. Nb4 Rxc5 27.
dxc5 Be7 28. Nxa6 Ra8 29. Nc7 Rxa2 30. b4 d4 31. Nxb5 d3 32. Nc3 Rb2 33. Nd5
Bf6 34. Kf1 Rb3 35. c6 Rb2 36. c7 Rc2 37. b5 1-0

[Event "DVM U12 2011"]
[Site "Arendsee (Altmark) GER"]
[Date "2011.12.28"]
[Round "3"]
[White "Schamschurko, André"]
[Black "Schmidek, Emil"]
[Result "0-1"]
[Termination "normal"]
[Board "1.3"]
[WhiteElo "1738"]
[BlackElo "1792"]
[WhiteTeam "USV TU Dresden"]
[BlackTeam "TuS Makkabi Berlin"]
[WhiteFideId "24695670"]
[BlackFideId "12908150"]
[EventCountry "GER"]
[EventRounds "7"]
[EventType "team-swiss"]
[EventDate "2011.12.26"]

1. e4 e5 2. Nf3 Nc6 3. Bb5 a6 4. Ba4 b5 5. Bb3 Nf6 6. O-O Be7 7. Re1 d6 8. c3
O-O 9. h3 Na5 10. Bc2 c5 11. d4 Qc7 12. Nbd2 cxd4 13. cxd4 Nc6 14. Nf1 exd4 15.
Nxd4 Nxd4 16. Bb1 Nc6 17. Ne3 Be6 18. Qc2 Rac8 19. Qe2 Rfe8 20. Bd2 Ne5 21. Bc3
Qb7 22. f4 Nc4 23. Qd3 Nxe3 24. Rxe3 Bc4 25. Qc2 Qb6 26. Qd2 d5 27. Bd4 Bc5 28.
Bxc5 Qxc5 29. e5 d4 30. Re1 d3+ 31. Kh1 Nh5 32. b3 Qd4 33. Bc2 Ng3+ 34. Kh2 Ne4
35. Qd1 Qf2 36. bxc4 Qxf4+ 37. Kh1 Nf2+ 0-1

[Event "DVM U12 2011"]
[Site "Arendsee (Altmark) GER"]
[Date "2011.12.28"]
[Round "3"]
[White "Hübner, Alan-Ari"]
[Black "Abdurakhimov, Peter"]
[Result "1-0"]
[Termination "normal"]
[Board "1.4"]
[WhiteElo "1677"]
[BlackElo "1394"]
[WhiteTeam "TuS Makkabi Berlin"]
[BlackTeam "USV TU Dresden"]
[WhiteFideId "12903965"]
[BlackFideId "12979694"]
[EventCountry "GER"]
[EventRounds "7"]
[EventType "team-swiss"]
[EventDate "2011.12.26"]

1. d4 Nf6 2. c4 c5 3. d5 b5 4. a4 bxa4 5. Rxa4 d6 6. Nc3 g6 7. e4 Bg7 8. Bd3
O-O 9. Nf3 Nbd7 10. O-O Ng4 11. Bd2 Nge5 12. Nxe5 Nxe5 13. Be2 Qb6 14. f4 Nd7
15. Qc2 Bd4+ 16. Kh1 a6 17. Nb5 Bg7 18. Rfa1 Qb8 19. Bc3 Nb6 20. Bxg7 Kxg7 21.
Nc3 Nxa4 22. Nxa4 Bd7 23. Nc3 Qb4 24. h3 Rfb8 25. Rb1 Ra7 26. g4 Qb7 27. e5 Qc8
28. exd6 exd6 29. Ne4 Qd8 30. Qc3+ f6 31. g5 Bf5 32. gxf6+ Kg8 33. Bd3 Bxe4+
34. Bxe4 Rf7 35. f5 Qxf6 36. Qg3 Rg7 37. fxg6 hxg6 38. b3 Re8 39. Qg2 Rge7 40.
Rf1 Qg7 41. Bxg6 Rf8 42. Rg1 Re3 43. Bh7+ Kf7 44. Qxg7+ Ke8 45. Bg6+ Kd8 46.
Qxf8+ 1-0

[Event "DVM U12 2011"]
[Site "Arendsee (Altmark) GER"]
[Date "2011.12.28"]
[Round "3"]
[White "Poghosyan, Tigran"]
[Black "Riehle, Marco"]
[Result "0-1"]
[Termination "normal"]
[Board "2.1"]
[WhiteElo "1770"]
[BlackElo "1759"]
[WhiteTeam "Lübecker SV"]
[BlackTeam "SF Sasbach"]
[WhiteFideId "12909319"]
[BlackFideId "12904392"]
[EventCountry "GER"]
[EventRounds "7"]
[EventType "team-swiss"]
[EventDate "2011.12.26"]

1. e4 e5 2. Nf3 Nc6 3. Bb5 f5 4. d3 fxe4 5. dxe4 Nf6 6. O-O Bc5 7. Nc3 a6 8.
Ba4 O-O 9. Bb3+ Kh8 10. Bg5 d6 11. h3 Na5 12. Qd2 Nxb3 13. axb3 Qe8 14. Bxf6
Rxf6 15. Nd5 Rxf3 16. gxf3 Bxh3 17. Qg5 Bxf1 18. Nxc7 Qc8 19. Nxa8 Bb5 20. c4
Bc6 21. Qd2 Qxa8 22. b4 Bd4 23. b5 Bd7 24. bxa6 bxa6 25. Qa5 Bxb2 26. Qxa6 Qe8
27. Rb1 Bd4 28. Qxd6 Qg6+ 29. Qxg6 hxg6 30. Rb8+ Kh7 31. Rd8 Be6 32. c5 Bxc5
33. Re8 Bf7 34. Rxe5 Bd6 35. Rb5 Kh6 36. e5 Ba3 37. f4 g5 38. f5 g4 39. e6 Be8
40. Rb3 Be7 41. Rb7 Bf6 42. e7 Bh5 43. Rb6 Kg5 44. Rb7 Kxf5 45. Rb5+ Be5 46.
Ra5 Ke6 47. Rc5 g3 48. Rb5 Be8 49. Rb7 gxf2+ 50. Kxf2 Bd6 51. Ke3 g5 52. Kf3
Bxe7 53. Kg4 Bf6 54. Ra7 Bb5 55. Ra2 Kf7 56. Rd2 Kg6 57. Rc2 Bd7+ 58. Kf3 Kf5
59. Rc5+ Be5 60. Ke3 g4 61. Ra5 Bc6 62. Rc5 Be4 63. Ra5 g3 64. Rc5 g2 65. Kf2
Kf6 66. Rc4 Bh2 67. Rc1 Kf5 68. Re1 Bc6 69. Rc1 Ba8 70. Ra1 Bd5 71. Rd1 Ke6 72.
Re1+ Kd6 73. Rd1 Kc6 74. Rc1+ Kb5 75. Rb1+ Kc4 76. Rc1+ Kd3 77. Rd1+ Kc2 78.
Re1 Be4 79. Re2+ Kd3 80. Re3+ Kd4 81. Re1 Bb7 82. Rd1+ Kc3 83. Re1 Bc6 84. Re3+
Kd2 85. Re2+ Kd3 86. Re3+ Kd4 87. Re1 Bb7 88. Rd1+ Kc3 89. Re1 Bb8 90. Kg1 Ba7+
91. Kh2 Kd2 92. Ra1 Bf2 93. Ra2+ Ke1 94. Ra1+ Ke2 95. Ra2+ Kf1 96. Ra1+ Be1 0-1

[Event "DVM U12 2011"]
[Site "Arendsee (Altmark) GER"]
[Date "2011.12.28"]
[Round "3"]
[White "Ehmann, Thilo"]
[Black "Kololli, Kevin"]
[Result "1/2-1/2"]
[Termination "normal"]
[Board "2.2"]
[WhiteElo "1860"]
[BlackElo "1762"]
[WhiteTeam "SF Sasbach"]
[BlackTeam "Lübecker SV"]
[WhiteFideId "12940968"]
[BlackFideId "12936863"]
[EventCountry "GER"]
[EventRounds "7"]
[EventType "team-swiss"]
[EventDate "2011.12.26"]

1. e4 e5 2. Nf3 Nc6 3. Bc4 Nf6 4. d4 exd4 5. e5 d5 6. Bb5 Ne4 7. Nxd4 Bd7 8.
Bxc6 bxc6 9. O-O Be7 10. f3 Ng5 11. f4 Ne4 12. Be3 O-O 13. Nd2 Nxd2 14. Qxd2 c5
15. Ne2 d4 16. Bf2 Bc6 17. Ng3 Qd5 18. Be1 c4 19. Kh1 Rab8 20. c3 d3 21. Rg1 g6
22. Bf2 Qb5 23. Rab1 Qa4 24. f5 Rfe8 25. e6 fxe6 26. fxg6 hxg6 27. Qh6 Bf8 28.
Qxg6+ Bg7 29. Nh5 Re7 30. Bd4 Be8 31. Qg5 Bxh5 32. Qxe7 Bxd4 33. cxd4 Qe8 34.
Qg5+ Qg6 35. Qd2 Be2 36. b3 Qf6 37. bxc4 Rxb1 38. Rxb1 Qxd4 39. h3 Qf6 40. Qb2
Qf4 41. Qb8+ Kg7 42. Qd8 d2 43. Qe7+ Qf7 44. Qd8 1/2-1/2

[Event "DVM U12 2011"]
[Site "Arendsee (Altmark) GER"]
[Date "2011.12.28"]
[Round "3"]
[White "Kololli, Martin"]
[Black "Martin, Julian"]
[Result "1/2-1/2"]
[Termination "normal"]
[Board "2.3"]
[WhiteElo "1690"]
[BlackElo "1576"]
[WhiteTeam "Lübecker SV"]
[BlackTeam "SF Sasbach"]
[WhiteFideId "12936910"]
[BlackFideId "12941000"]
[EventCountry "GER"]
[EventRounds "7"]
[EventType "team-swiss"]
[EventDate "2011.12.26"]

1. e4 e5 2. Bc4 Nc6 3. Nf3 Bc5 4. c3 Nf6 5. d3 a6 6. Bb3 d6 7. O-O h6 8. Re1
O-O 9. Nbd2 Ba7 10. Nf1 Bd7 11. Ng3 Kh8 12. h3 Ne7 13. Nh4 Qc8 14. Qf3 Kh7 15.
Be3 a5 16. a4 c5 17. Bc4 Be6 18. Bd2 Bb8 19. Bb5 Bc7 20. c4 Ra7 21. Qe2 Nfg8
22. Nf3 f5 23. exf5 Nxf5 24. Nxf5 Bxf5 25. Nh4 Ne7 26. Nxf5 Nxf5 27. Qe4 Kh8
28. Be3 Bd8 29. Qg4 Bh4 30. g3 Be7 31. Rf1 Ra8 32. Rae1 Qc7 33. Qe4 Rf6 34. Kh2
Raf8 35. Kg2 R6f7 36. f4 Nxe3+ 37. Qxe3 exf4 38. Rxf4 Bg5 39. Rxf7 Qxf7 40. Qe2
Kh7 41. h4 Bd8 42. Qe4+ Kh8 43. Qe2 Bf6 44. Rf1 Rd8 45. b3 Qg6 46. Kh3 Be5 47.
Qf3 b6 48. Bc6 Bf6 49. g4 Rf8 50. Be4 Qf7 51. g5 Qd7+ 52. Bf5 Qe8 53. gxf6 Rxf6
54. Qg2 Qf8 55. Qf2 g6 56. Qb2 gxf5 57. Rxf5 Kg7 58. Kg4 Qf7 59. h5 Qe6 60.
Qxf6+ Qxf6 61. Rxf6 Kxf6 62. Kf4 Ke6 1/2-1/2

[Event "DVM U12 2011"]
[Site "Arendsee (Altmark) GER"]
[Date "2011.12.28"]
[Round "3"]
[White "Toptschiev, David"]
[Black "Tiedemann, Fin Niklas"]
[Result "0-1"]
[Termination "normal"]
[Board "2.4"]
[WhiteElo "1215"]
[BlackElo "1429"]
[WhiteTeam "SF Sasbach"]
[BlackTeam "Lübecker SV"]
[WhiteFideId "12968005"]
[BlackFideId "12936936"]
[EventCountry "GER"]
[EventRounds "7"]
[EventType "team-swiss"]
[EventDate "2011.12.26"]

1. e4 e5 2. Nf3 Nc6 3. d4 exd4 4. Bc4 Nf6 5. e5 d5 6. Bb5 Ne4 7. Nxd4 Bd7 8.
Bxc6 bxc6 9. Be3 Be7 10. Nd2 Nxd2 11. Qxd2 c5 12. Nb3 d4 13. Bf4 Bc6 14. Rg1
Qd7 15. Qd3 a5 16. a3 Qe6 17. Nd2 f6 18. Qe2 f5 19. Qh5+ g6 20. Qe2 g5 21. Qh5+
Qg6 22. Qxg6+ hxg6 23. Bg3 f4 24. Bxf4 gxf4 25. h3 Rh5 26. O-O-O Rxe5 27. Nc4
Rg5 28. g4 fxg3 29. fxg3 Bb5 30. h4 Rh5 31. Nd2 g5 32. hxg5 Bxg5 33. Rde1+ Kd7
34. g4 Rh2 35. Re5 Bxd2+ 36. Kd1 Kd6 37. Rf5 Be2+ 38. Kxd2 Bxg4+ 39. Kc1 Bxf5
40. c3 dxc3 41. bxc3 Rb8 42. Rd1+ Kc6 43. Rd3 Bxd3 44. Kd1 Rb1# 0-1

[Event "DVM U12 2011"]
[Site "Arendsee (Altmark) GER"]
[Date "2011.12.28"]
[Round "3"]
[White "von Angern, Cedric"]
[Black "Böhning, Kilian"]
[Result "0-1"]
[Termination "normal"]
[Board "3.1"]
[WhiteElo "1450"]
[BlackElo "1738"]
[WhiteTeam "AE Magdeburg"]
[BlackTeam "Hagener SV"]
[WhiteFideId "12921106"]
[BlackFideId "1270499"]
[EventCountry "GER"]
[EventRounds "7"]
[EventType "team-swiss"]
[EventDate "2011.12.26"]

1. e4 c5 2. Nf3 Nc6 3. d4 cxd4 4. Nxd4 g6 5. c4 Bg7 6. Be3 Nf6 7. Nc3 O-O 8.
Be2 Qa5 9. O-O d6 10. f3 Bd7 11. Qd2 Rfc8 12. Rab1 Ne5 13. b3 Qd8 14. Rbc1 b6
15. Nd5 Qf8 16. Rc3 Nxd5 17. exd5 Rc7 18. Rfc1 h5 19. R1c2 Rac8 20. Bf1 Kh7 21.
Qe1 Bf6 22. Qc1 Qg7 23. Qd2 Rg8 24. Kh1 Rgc8 25. Kg1 Rd8 26. Rc1 Rdc8 27. R1c2
Rh8 28. Rc1 a6 29. R1c2 Rhc8 30. Rc1 Rb7 31. b4 Rbc7 32. a3 h4 33. h3 Rd8 34.
f4 Nf3+ 35. gxf3 e5 36. dxe6 fxe6 37. R3c2 e5 38. Nb3 Ba4 39. Bxb6 Rf7 40. Bxd8
Bxd8 41. Rc3 Rxf4 42. Qxd6 Bf6 43. Qd2 Bg5 44. Qg2 Qf6 45. R1c2 Bc6 46. Be2 e4
47. Nd2 Qd4+ 48. Qf2 e3 49. Rxe3 Rg4+ 50. fxg4 Bxe3 51. Nf3 Bxf2+ 52. Kf1 Bxf3
53. Bxf3 Bg3 54. Kg2 Qd3 55. Re2 Qxa3 56. c5 Qxb4 57. c6 Qc5 58. Rd2 Bd6 59.
Ra2 Qe5 60. Kf1 a5 61. Rd2 a4 62. Rd5 Qf4 63. Rd3 a3 64. Ke2 a2 65. Rd1 Qe5+
66. Kf2 a1=Q 67. Rxa1 Qxa1 0-1

[Event "DVM U12 2011"]
[Site "Arendsee (Altmark) GER"]
[Date "2011.12.28"]
[Round "3"]
[White "Balazs, Balint"]
[Black "Rößler, Linus Benedict"]
[Result "1-0"]
[Termination "normal"]
[Board "3.2"]
[WhiteElo "1670"]
[BlackElo "1558"]
[WhiteTeam "Hagener SV"]
[BlackTeam "AE Magdeburg"]
[WhiteFideId "12922757"]
[BlackFideId "12921076"]
[EventCountry "GER"]
[EventRounds "7"]
[EventType "team-swiss"]
[EventDate "2011.12.26"]

1. e4 e6 2. d4 d5 3. exd5 exd5 4. Bd3 Nc6 5. Ne2 Bd6 6. Nbc3 Nge7 7. Nb5 Nf5 8.
O-O a6 9. Bxf5 Bxf5 10. Nxd6+ Qxd6 11. Bf4 Qd8 12. Ng3 Be6 13. Re1 Qd7 14. Qd2
O-O 15. Re3 Ne7 16. Rae1 Ng6 17. Ne2 Rfe8 18. Bg3 Bf5 19. Nc3 Be6 20. Qe2 Re7
21. h4 Rae8 22. h5 Bg4 23. Qd2 Rxe3 24. Rxe3 Rxe3 25. Qxe3 Bxh5 26. Qg5 Bg4 27.
Qxd5 Qxd5 28. Nxd5 c6 29. Ne3 Be6 30. b3 Kf8 31. Kf1 Ke7 32. Ke2 Nf8 33. Kd3
Nd7 34. c4 Nf6 35. Bh4 h6 36. d5 cxd5 37. cxd5 Bd7 38. Kd4 g5 39. Bg3 b5 40. f3
Ne8 41. Kc5 f5 42. Be5 f4 43. Nc2 Kd8 44. Nd4 Ke7 45. Nc6+ Kf7 46. Nb8 Bc8 47.
Kc6 Nf6 48. Bc3 Ke7 49. Bb4+ Ke8 50. d6 Kd8 51. Ba5+ Ke8 52. Kc7 Bf5 53. Nxa6
Nd7 54. Kc6 Ne5+ 55. Kd5 Nd7 56. Nc7+ Kf7 57. Nxb5 h5 58. Nd4 Nf6+ 59. Kc6 Bd7+
60. Kc7 g4 61. fxg4 Bxg4 62. Nf3 Kg6 63. Ne5+ Kf5 64. Nxg4 hxg4 65. d7 Nxd7 66.
Kxd7 1-0

[Event "DVM U12 2011"]
[Site "Arendsee (Altmark) GER"]
[Date "2011.12.28"]
[Round "3"]
[White "Wagner, Tobias"]
[Black "Laubrock, Paul"]
[Result "1/2-1/2"]
[Termination "normal"]
[Board "3.3"]
[WhiteElo "1304"]
[BlackElo "1676"]
[WhiteTeam "AE Magdeburg"]
[BlackTeam "Hagener SV"]
[WhiteFideId "12943452"]
[BlackFideId "1270509"]
[EventCountry "GER"]
[EventRounds "7"]
[EventType "team-swiss"]
[EventDate "2011.12.26"]

1. e4 e6 2. d4 d5 3. Nc3 Bb4 4. e5 c5 5. Nf3 Qb6 6. a3 cxd4 7. Qxd4 Qxd4 8.
Nxd4 Bxc3+ 9. bxc3 Ne7 10. Nb5 Kd7 11. Rb1 f6 12. exf6 gxf6 13. Bh6 Nf5 14. Be3
e5 15. Bxa7 Rg8 16. Bxb8 Rxb8 17. Rd1 Kc6 18. c4 d4 19. g3 Be6 20. a4 Ra8 21.
Ra1 Nd6 22. Bg2+ Kd7 23. Nxd6 Kxd6 24. Bxb7 Ra7 25. Bd5 Bxd5 26. cxd5 Kxd5 27.
Kd2 Rga8 28. Rhb1 Rxa4 29. Rxa4 Rxa4 30. Rb7 Ke4 31. Rf7 f5 32. Ke2 Ra3 33.
Rxh7 Rc3 34. Rh4+ f4 35. gxf4 exf4 36. Kd2 Rf3 37. Ke2 1/2-1/2

[Event "DVM U12 2011"]
[Site "Arendsee (Altmark) GER"]
[Date "2011.12.28"]
[Round "3"]
[White "Hoppe, Andreas"]
[Black "Wolff, Marti"]
[Result "1-0"]
[Termination "normal"]
[Board "3.4"]
[WhiteElo "1411"]
[BlackElo "1173"]
[WhiteTeam "Hagener SV"]
[BlackTeam "AE Magdeburg"]
[WhiteFideId "12922811"]
[BlackFideId "12943487"]
[EventCountry "GER"]
[EventRounds "7"]
[EventType "team-swiss"]
[EventDate "2011.12.26"]

1. d4 e5 2. dxe5 Nc6 3. Nf3 Qe7 4. g3 Nxe5 5. Bg2 Nf6 6. Nc3 d6 7. Bg5 Nxf3+ 8.
Bxf3 Qe5 9. Bf4 Qa5 10. Bg2 Bf5 11. O-O O-O-O 12. Bd2 Qa6 13. Bg5 h6 14. Bxf6
gxf6 15. Nd5 Re8 16. Re1 Be4 17. Nxf6 Bxg2 18. Nxe8 Bh3 19. Nf6 Be7 20. Nd5 Bh4
21. Qd3 Qc6 22. Qd4 1-0

[Event "DVM U12 2011"]
[Site "Arendsee (Altmark) GER"]
[Date "2011.12.28"]
[Round "3"]
[White "Dürr, Florian"]
[Black "Fesenmeier, Lukas"]
[Result "1-0"]
[Termination "normal"]
[Board "4.1"]
[WhiteElo "1853"]
[BlackElo "1462"]
[WhiteTeam "SC Erlangen"]
[BlackTeam "SK Endingen"]
[WhiteFideId "24659134"]
[EventCountry "GER"]
[EventRounds "7"]
[EventType "team-swiss"]
[EventDate "2011.12.26"]

1. e4 e5 2. Nf3 Nc6 3. Bb5 a6 4. Ba4 Bc5 5. O-O Nge7 6. c3 O-O 7. d4 exd4 8.
cxd4 Bb6 9. d5 Nb8 10. Nc3 d6 11. Be3 Bxe3 12. fxe3 Bg4 13. Ne2 Nd7 14. Nfd4
Nc5 15. Bc2 Ng6 16. b4 Nd7 17. h3 Bxe2 18. Nxe2 Nde5 19. Qd4 Qg5 20. Rf5 Qe7
21. g3 Qd7 22. Kg2 Qb5 23. Nc3 Qc4 24. Bb3 Qd3 25. Rd1 Qxd4 26. exd4 Nd7 27.
Rdf1 Rfe8 28. Re1 Re7 29. Bc2 Rae8 30. Bd3 Nf6 31. Re2 Nd7 32. a4 f6 33. a5 Ra8
34. Rc2 Nb8 35. Rf1 b5 36. axb6 cxb6 37. Na4 Nd7 38. Rc7 b5 39. Rxd7 Rxd7 40.
Nb6 Raa7 41. Nxd7 Rxd7 42. Ra1 Ra7 43. Kf3 Ne7 44. Bxb5 Rb7 45. Bd3 Rxb4 46.
Rxa6 Rxd4 47. Ke3 Rb4 48. Rxd6 Ng6 49. Rd8+ Kf7 50. Rd7+ Kf8 51. Rc7 Ne5 52.
Be2 Rb3+ 53. Kf4 Rb6 54. h4 h6 55. h5 Rb2 56. Ke3 Rb3+ 57. Kd4 Rxg3 58. d6 Rb3
59. Rc8+ Kf7 60. Bc4+ Nxc4 61. Kxc4 Rb7 62. Rc7+ Ke6 63. Rxb7 Kxd6 64. Rxg7 Ke5
65. Kd3 f5 66. exf5 Kxf5 67. Rg6 Kf4 68. Kd4 Kf5 69. Kd5 Kf4 70. Ke6 Kf3 71.
Kf5 Ke3 72. Rxh6 Kf3 73. Ra6 Ke3 74. h6 Kf3 75. Ra3+ Ke2 76. h7 Kd2 77. h8=Q
Ke2 78. Qh2+ Kd1 79. Ra1# 1-0

[Event "DVM U12 2011"]
[Site "Arendsee (Altmark) GER"]
[Date "2011.12.28"]
[Round "3"]
[White "Fesenmeier, Karl"]
[Black "Tschammer, Kai"]
[Result "1-0"]
[Termination "normal"]
[Board "4.4"]
[WhiteElo "1213"]
[BlackElo "946"]
[WhiteTeam "SK Endingen"]
[BlackTeam "SC Erlangen"]
[BlackFideId "12939099"]
[EventCountry "GER"]
[EventRounds "7"]
[EventType "team-swiss"]
[EventDate "2011.12.26"]

1. e4 e5 2. Nf3 Nc6 3. Bc4 Nf6 4. Ng5 d5 5. exd5 Na5 6. Bb5+ c6 7. dxc6 bxc6 8.
Be2 h6 9. Nf3 e4 10. Ne5 Bc5 11. O-O O-O 12. a3 Bd6 13. d4 exd3 14. Nxd3 Qc7
15. h3 Rd8 16. Bd2 Nc4 17. Bc3 Nd5 18. Re1 Bh2+ 19. Kh1 Ne7 20. Nd2 Nxd2 21.
Qxd2 Bf4 22. Qxf4 Qb7 23. Qe5 f6 24. Qg3 Nf5 25. Qf4 Qb6 26. Qc4+ Kh8 27. Bg4
Nd6 28. Qb4 Qc7 29. Bxc8 Qxc8 30. Re6 Qxe6 31. Re1 Qc4 32. Kg1 Qf7 33. Qc5 Qb7
34. Re6 Qd7 35. Re3 Re8 36. Bb4 Ne4 37. Qc4 Ng5 38. Rxe8+ Qxe8 39. Nf4 Ne4 40.
Ne6 Nd6 41. Bxd6 Qf7 42. Qxc6 Re8 43. Nc5 Re1+ 44. Kh2 Kh7 45. Nd3 Re6 46. Nc5
Re2 47. Nd3 Qe6 48. Qc5 Rd2 49. Bf4 Re2 50. Be3 Kg8 51. Nf4 Qe8 52. Nxe2 Qb8+
53. g3 Qxb2 54. Bd4 Qb8 55. Qxa7 Qxa7 56. Bxa7 Kf7 57. c4 Kg6 58. c5 Kh5 59. c6
g5 60. c7 g4 61. hxg4+ Kg6 62. c8=Q Kg5 63. Qg8# 1-0

[Event "DVM U12 2011"]
[Site "Arendsee (Altmark) GER"]
[Date "2011.12.28"]
[Round "3"]
[White "Rieper, Julian"]
[Black "Renger, Niklas"]
[Result "0-1"]
[Termination "normal"]
[Board "5.1"]
[WhiteElo "1477"]
[BlackElo "1499"]
[WhiteTeam "SK Doppelbauer Kiel"]
[BlackTeam "SG GW Dresden"]
[WhiteFideId "12936960"]
[BlackFideId "12908096"]
[EventCountry "GER"]
[EventRounds "7"]
[EventType "team-swiss"]
[EventDate "2011.12.26"]

1. e4 c5 2. Nf3 d6 3. d4 cxd4 4. Nxd4 Nf6 5. Nc3 g6 6. Bc4 Bg7 7. Be3 O-O 8. f3
Nc6 9. Qd2 Bd7 10. O-O-O Rc8 11. h4 Nxd4 12. Qxd4 Ng4 13. Qxa7 Nxe3 14. Bxf7+
Rxf7 15. Qxe3 Qa5 16. Rd5 b5 17. h5 e6 18. hxg6 hxg6 19. Rd3 b4 20. Nd1 Qxa2
21. Qg5 Ba4 22. Kd2 Rxc2+ 23. Ke1 Qc4 24. Qd8+ Rf8 25. Qxd6 Bb5 0-1

[Event "DVM U12 2011"]
[Site "Arendsee (Altmark) GER"]
[Date "2011.12.28"]
[Round "3"]
[White "Sack, Carl-Anton"]
[Black "Wiemann, Niklas"]
[Result "1/2-1/2"]
[Termination "normal"]
[Board "5.2"]
[WhiteElo "1487"]
[BlackElo "1355"]
[WhiteTeam "SG GW Dresden"]
[BlackTeam "SK Doppelbauer Kiel"]
[WhiteFideId "1270309"]
[EventCountry "GER"]
[EventRounds "7"]
[EventType "team-swiss"]
[EventDate "2011.12.26"]

1. e4 e6 2. d4 d5 3. Nd2 c5 4. c3 Nc6 5. Ngf3 Nf6 6. e5 Nd7 7. Bd3 f6 8. exf6
Nxf6 9. O-O Bd6 10. Re1 O-O 11. dxc5 Bxc5 12. Nb3 Bb6 13. Be3 Ng4 14. Bd4 e5
15. Bxb6 Qxb6 16. Qd2 e4 17. Bxe4 dxe4 18. Rxe4 Nf6 19. Ree1 Bg4 20. Re3 Rad8
21. Qe2 Rfe8 22. Qc4+ Kf8 23. Ng5 Bh5 24. Ne6+ Rxe6 25. Qxe6 Bf7 26. Qf5 Bxb3
27. axb3 Qxb3 28. g4 Rd1+ 29. Rxd1 Qxd1+ 30. Kg2 Qxg4+ 31. Qxg4 Nxg4 32. Rf3+
Nf6 33. Kg3 1/2-1/2

[Event "DVM U12 2011"]
[Site "Arendsee (Altmark) GER"]
[Date "2011.12.28"]
[Round "3"]
[White "Karlisch, Moritz"]
[Black "Michel, Richard"]
[Result "1/2-1/2"]
[Termination "normal"]
[Board "5.3"]
[WhiteElo "1260"]
[BlackElo "1596"]
[WhiteTeam "SK Doppelbauer Kiel"]
[BlackTeam "SG GW Dresden"]
[WhiteFideId "12964859"]
[BlackFideId "1270310"]
[EventCountry "GER"]
[EventRounds "7"]
[EventType "team-swiss"]
[EventDate "2011.12.26"]

1. e4 c5 2. Nf3 d6 3. d4 cxd4 4. Nxd4 Nf6 5. Nc3 g6 6. Be3 Bg7 7. f3 O-O 8. Qd2
Nc6 9. Bc4 Bd7 10. O-O-O Rc8 11. Bb3 Ne5 12. h4 Nc4 13. Bxc4 Rxc4 14. h5 Qa5
15. Nb3 Qa6 16. Bh6 Be6 17. Bxg7 Kxg7 18. hxg6 fxg6 19. Kb1 Rfc8 20. Nd4 Bf7
21. Nde2 b5 22. b3 R4c5 23. Rc1 Qb7 24. Kb2 a5 25. a4 bxa4 26. Nxa4 R5c7
1/2-1/2

[Event "DVM U12 2011"]
[Site "Arendsee (Altmark) GER"]
[Date "2011.12.28"]
[Round "3"]
[White "Schuler, Max"]
[Black "Fronius, Thies"]
[Result "1-0"]
[Termination "normal"]
[Board "5.4"]
[WhiteElo "1212"]
[BlackElo "951"]
[WhiteTeam "SG GW Dresden"]
[BlackTeam "SK Doppelbauer Kiel"]
[WhiteFideId "12964913"]
[EventCountry "GER"]
[EventRounds "7"]
[EventType "team-swiss"]
[EventDate "2011.12.26"]

1. e4 e5 2. f4 d6 3. Nf3 Nc6 4. Bc4 Bg4 5. h3 Bd7 6. Nc3 h6 7. O-O g5 8. fxe5
dxe5 9. Nh2 f6 10. d3 Qe7 11. Qh5+ Kd8 12. Qd1 Bg7 13. Be3 a6 14. Qe2 Rb8 15.
a3 Qd6 16. Qf2 Qe7 17. Nd5 Qf8 18. Rad1 Na5 19. Ba2 Qe8 20. Nxc7 Kxc7 21. Bb6+
Kc8 22. Bxa5 Bc6 23. Qb6 Qe7 24. Be6+ Qxe6 25. Qc7# 1-0

[Event "DVM U12 2011"]
[Site "Arendsee (Altmark) GER"]
[Date "2011.12.28"]
[Round "3"]
[White "Schröter, Ron"]
[Black "Kania, Markus"]
[Result "1-0"]
[Termination "normal"]
[Board "6.1"]
[WhiteElo "1491"]
[BlackElo "1646"]
[WhiteTeam "SG Porz"]
[BlackTeam "MTV 1876 Saalfeld"]
[WhiteFideId "12941727"]
[BlackFideId "12903736"]
[EventCountry "GER"]
[EventRounds "7"]
[EventType "team-swiss"]
[EventDate "2011.12.26"]

1. e4 c5 2. Nf3 Nc6 3. d4 cxd4 4. Nxd4 g6 5. Nc3 Bg7 6. Nxc6 bxc6 7. Bd2 Nf6 8.
f3 O-O 9. Qe2 Rb8 10. O-O-O Qb6 11. Na4 Qb7 12. b3 d6 13. g4 Bd7 14. Nb2 c5 15.
Qa6 Qxa6 16. Bxa6 Rb6 17. Bc4 Ra8 18. h4 a5 19. a4 Ne8 20. h5 Bxb2+ 21. Kxb2
Bxa4 22. Ra1 Bc6 23. hxg6 hxg6 24. Bxa5 Rb7 25. Bc3 e5 26. Rxa8 Rc7 27. Raa1
Nf6 28. Rad1 Rd7 29. Rh6 Kg7 30. Rh2 Kf8 31. Rh8+ Kg7 32. Rh2 Kf8 33. Rhd2 Ke7
34. b4 cxb4 35. Bxb4 Ne8 36. Rh1 Kf8 37. Bd5 Bxd5 38. Rxd5 Rb7 39. Kb3 Ke7 40.
Rxe5+ Kd7 41. Rd5 Rb6 42. Rhd1 Ke6 43. f4 f6 44. f5+ gxf5 45. exf5+ Ke7 46.
Re1+ Kd7 47. c4 1-0

[Event "DVM U12 2011"]
[Site "Arendsee (Altmark) GER"]
[Date "2011.12.28"]
[Round "3"]
[White "Quandt, Franz Edmund"]
[Black "Ramien, David"]
[Result "0-1"]
[Termination "normal"]
[Board "6.2"]
[WhiteElo "1095"]
[BlackElo "1450"]
[WhiteTeam "MTV 1876 Saalfeld"]
[BlackTeam "SG Porz"]
[BlackFideId "12948241"]
[EventCountry "GER"]
[EventRounds "7"]
[EventType "team-swiss"]
[EventDate "2011.12.26"]

1. d4 Nf6 2. Bg5 Ne4 3. Bf4 d6 4. e3 g6 5. Nf3 Bg7 6. c3 O-O 7. h3 Nd7 8. Bd3
Nef6 9. O-O Re8 10. Bh2 e5 11. dxe5 dxe5 12. Bc2 Nh5 13. Nbd2 f5 14. Re1 Nhf6
15. Bb3+ Kh8 16. Ng5 Qe7 17. Nf7+ Kg8 18. Nd6+ Kh8 19. Nxe8 Qxe8 20. Nf3 b6 21.
Ng5 h6 22. Ne6 Qe7 23. Nxc7 Rb8 24. Nd5 Qd6 25. Nxf6 Qxf6 26. Qc2 Bb7 27. Rad1
Nc5 28. f3 Qg5 29. Re2 Bxf3 30. Rf2 Bxd1 31. Qxd1 Qxe3 32. Bc2 Bf6 33. Qe2 Qxe2
34. Rxe2 Re8 35. b4 Na6 36. Bb3 Kg7 37. Rd2 Re7 38. Rd3 Nc7 39. c4 Ne6 40. b5
Nc5 41. Rd1 Nxb3 42. axb3 Kf7 43. Rd3 Ke6 44. Kf2 g5 45. g3 e4 46. Rd5 Rd7 47.
Rxd7 Kxd7 48. Ke3 Be5 49. b4 Kd6 50. Kf2 f4 51. gxf4 gxf4 52. Ke2 f3+ 53. Ke3
Bxh2 54. Kxe4 0-1